| 000 | 00580nam a2200241 a 4500 | ||
|---|---|---|---|
| 001 | nice12345678 | ||
| 003 | IN_TiNIC | ||
| 005 | 20260116011815.0 | ||
| 008 | 050524s1970 luca grp 000 0 urd | ||
| 020 |
_a _c8 |
||
| 082 | 0 | 0 |
_a297.82 _bZAI |
| 100 | _aZaidi, Ali Mohd | ||
| 245 | _aAl-Aza(tafseelaar-E-Rasm-I-Aza) | ||
| 260 |
_aLucknow _bNaseem Book Depo _c1970 |
||
| 300 | _a375p | ||
| 500 | _aincludes index and biblioraphy | ||
| 505 | 2 | _aVarious Documents | |
| 650 | _aMuharram | ||
| 700 | 1 | _aZaidi, Ali Mohd | |
| 902 | _bSRS | ||
| 942 | _cBK | ||
| 999 |
_c4115 _d4115 |
||